Statistiques concernant Pays ayant participé à la Coupe du Monde 1966

Cliquez ici pour prendre le quiz!

Statistiques générales

  • Ce quiz a été pris 54 fois
  • Le résultat moyen est 14 sur 16

Statistiques - réponses

ContinentsPays% Correct
EuropeEspagne
100%
EuropeItalie
100%
Europe (organisateur, vainqueur)Angleterre
98%
Amérique du sud (tenant du titre)Brésil
98%
EuropeFrance
98%
Amérique du sudArgentine
95%
Amérique du nord et centraleMexique
95%
EuropePortugal
95%
Amérique du sudUruguay
95%
Amérique du sudChili
93%
EuropeRFA
93%
EuropeURSS
93%
EuropeHongrie
85%
EuropeSuisse
73%
EuropeBulgarie
68%
AsieCorée du nord
68%

Distribution des résultats

Percentile par nombre de réponses

% des personnes avec chaque résultat

Votre développement - résultats

Vous n’avez pas pris ce quiz